Kovářova polka
| Main Author: | Štěpánek, Josef, 1870-1935 |
|---|---|
| Other Authors: | Matějíčková, Eva, Radešínský, Svatopluk, 1927-2002 |
| Language: | Czech |
| Published: |
Praha : Editio Bärenreiter, 2000 |
| Edition: | 1. vyd. |
| Series: |
Česká a moravská dechová hudba
|
| Physical Description: |
1 řídící hlas ; 15 x 21 cm + 45 hlasů. |
| LEADER | 01183ncm a2200301 a 4500 | ||
|---|---|---|---|
| 001 | 000563668 | ||
| 003 | CZ BrMZK | ||
| 005 | 20220919133927.0 | ||
| 008 | 010907s2000 xr cze d | ||
| 015 | |a cnb001002404 | ||
| 024 | 2 | |a M260100428 | |
| 028 | 0 | 3 | |a DH 12 |b Editio Bärenreiter |
| 040 | |a BOA001 |b cze | ||
| 080 | |a 788.085 |2 MRF | ||
| 100 | 1 | |a Štěpánek, Josef, |d 1870-1935 |7 ola2003167579 | |
| 245 | 1 | 0 | |a Kovářova polka |h [hudebnina] / |c Josef Štěpánek, Svatopluk Radešínský. Na stráni / Josef Štěpánek, Eva Matějíčková |
| 250 | |a 1. vyd. | ||
| 260 | |a Praha : |b Editio Bärenreiter, |c 2000 | ||
| 300 | |a 1 řídící hlas ; |c 15 x 21 cm + |e 45 hlasů. | ||
| 490 | 1 | |a Česká a moravská dechová hudba | |
| 653 | 0 | |a dechový orchestr |a orchestrální polky |a orchestrální valčíky |a písně s dechovým orchestrem | |
| 700 | 1 | |a Matějíčková, Eva | |
| 700 | 1 | |a Radešínský, Svatopluk, |d 1927-2002 |7 jk01101886 | |
| 830 | 0 | |a Česká a moravská dechová hudba | |
| 910 | |a BOA001 |b Mus2-1083.072 | ||
| 964 | |a Orchestr dechový |x HUD | ||
| 990 | |a MU | ||
| 996 | 6 | |b 2610130781 |c Mus2-1083.072 |l MZK |r Sklad / do 1 hodiny |n 3 |p p.v. |w 000563668 |u 000010 |a 1 |e BOA001 |j MZK50 |s P | |
English
Čeština 